Jigsaw Puzzle - Mexican States - Statistics

General Stats
  • This quiz has been taken 26,169 times
  • The average score is 26 of 32
Answers on the Map
Answers color-coded by a green-red scale on the quiz's map according to % correct below.
 
Answer Stats
Answer % Correct
Sonora
93%
Baja California
90%
Baja California Sur
90%
Chihuahua
88%
Coahuila
86%
Sinaloa
85%
Chiapas
84%
Durango
84%
Nuevo León
84%
Tamaulipas
84%
Veracruz
84%
Yucatán
84%
Campeche
83%
Oaxaca
83%
Quintana Roo
83%
Zacatecas
83%
Guerrero
82%
Jalisco
82%
Nayarit
82%
San Luis Potosí
82%
Tabasco
82%
Michoacán
81%
Puebla
81%
Aguascalientes
80%
Guanajuato
80%
Colima
79%
Hidalgo
78%
México
78%
Querétaro
78%
Tlaxcala
76%
Morelos
75%
Mexico City
70%
No matching quizzes found
Score Distribution
Percent of People with Each Score
Percentile by Number Answered
Your Score History
You have not taken this quiz